| 000 | 00363 a2200121 4500 | ||
|---|---|---|---|
| 001 | ART_43854 | ||
| 005 | 20260410162026.0 | ||
| 008 | 260409a | ||
| 245 | 1 | 0 | _aOn the persistence of racial inequality |
| 100 | 1 | _aLundberg, Shelly | |
| 700 | 1 | _aStartz, Richard | |
| 773 | 0 |
_tJournal of labor economics _g- Vol. 16, NÂș 2 (abr. 1998) _wREV43438 |
|
| 999 |
_c33545 _d33545 |
||